000 00932nam a22003251c 4500
001 ht015664346
008 110207s2008 gw |||| 000u ger d
020 _a9783865831
_9978-3-86583-1
041 _ager
100 1 _aFriedreich, Sönke
245 0 0 _aAutos bauen im Sozialismus :
_bArbeit und Organisationskultur in der Zwickauer Automobilindustrie nach 1945
264 _aLeipzig :
_bLeipziger Univ.-Verl.,
_c2008
300 _a565 S.
502 _aTeilw. zugl.: Kiel, Univ., Habil.-Schr., 2006/07
650 0 _aIndustrie
650 0 _aWirtschaft
650 0 _aVerkehr
650 0 _aAutomobilindustrie
650 0 _aSozialismus
650 0 _aAlltag
650 0 _aTransformation
651 0 _aZwickau
651 0 _aSachsen
651 0 _a
655 0 _aHochschulschrift
942 _cMG
040 _cRU-10907106
003 RU-10907106
999 _c21902
_d21902
490 0 _aSchriften zur sächsischen Geschichte und Volkskunde
_v25